MARC

LEADER 00000nam0a2200000 4500
001 266562
005 20231101234018.0
020 |a RU  |b 87-5831 
035 |a (RuTPU)RU\TPU\book\289582 
090 |a 266562 
100 |a 20140710d1986 k y0rusy5003 ca 
101 0 |a rus 
102 |a RU 
105 |a ab z 001zy 
200 1 |a Советская страна после окончания гражданской войны: территория и население  |f Ю. А. Поляков  |g Академия наук СССР (АН СССР), Институт истории СССР 
210 |a Москва  |c Наука  |d 1986 
215 |a 270 с.  |c ил., карты  |d 21 см 
320 |a Указ. геогр. назв. .: с. 263-271. 
606 1 |a СССР  |x История  |z 1921-1929  |2 stltpush  |3 (RuTPU)RU\TPU\subj\66246  |9 82458 
610 1 |a границы 
610 1 |a административное деление 
610 1 |a население 
610 1 |a численность 
610 1 |a размещение 
610 1 |a возрастной состав 
610 1 |a национальный состав 
610 1 |a социальная структура 
610 1 |a монографии 
686 |a Т3(2)613  |v LBC/SL-A  |2 rubbk 
700 1 |a Поляков  |b Ю. А.  |c российский историк  |c член-корреспондент АН СССР  |f 1921-2012  |g Юрий Александрович  |2 stltpush  |3 (RuTPU)RU\TPU\pers\20625  |9 8359 
712 0 2 |a Академия наук СССР (АН СССР)  |b Институт истории СССР  |c (1968-1991)  |c (Москва)  |2 stltpush  |3 (RuTPU)RU\TPU\col\11069 
801 0 |a RU  |b RuMRKP  |c 19950417  |g psbo 
801 1 |a RU  |b 63413507  |c 20140710 
801 2 |a RU  |b 63413507  |c 20190702  |g RCR 
942 |c BK